| 000 | 00678nam a2200217Ia 4500 | ||
|---|---|---|---|
| 003 | GCL | ||
| 005 | 20240530102806.0 | ||
| 008 | 140319s9999 xx 000 0 ara d | ||
| 040 |
_aGCL / _cGCL |
||
| 082 | 0 | 4 |
_a940.53 _bم ش |
| 100 | 1 | _aمحسن محمد | |
| 245 | 1 | 0 |
_aالشعب والحرب / _cمحسن محمد |
| 260 |
_aالقاهرة : _bالمكتب المصرى الحديث |
||
| 300 |
_a378 ص؛ _c19 سم |
||
| 650 | 0 | 4 | _aالقوى العظمى |
| 650 | 0 | 4 | _aالاسلحة الذرية |
| 650 | 0 | 4 | _aاوربا |
| 650 | 0 | 4 | _aالحرب الذرية والمجتمع |
| 650 | 0 | 4 | _aالحرب العالمية الثانية 1939 - 1945 |
| 942 |
_2ddc _cBK |
||
| 999 |
_c34685 _d34685 |
||